[Event "4NCL Division Two"]
[Site "Daventry, ENG"]
[Date "2022.10.22"]
[Round "1.13"]
[White "Bradbury, Neil H"]
[Black "Coathup, Roger H"]
[Result "1-0"]
[WhiteElo "2214"]
[BlackElo "2196"]
[PlyCount "99"]
[EventDate "2022.10.22"]
[WhiteTeam "The ADs"]
[BlackTeam "North East England"]

1. d4 Nf6 2. c4 g6 3. g3 Bg7 4. Bg2 O-O 5. Nf3 d6 6. O-O c6 7. Nc3 Bf5 8. Nh4 Be6 9. d5 cxd5 10. cxd5 Bd7 11. Be3 Qa5 12. a3 Rc8 13. Rc1 b5 14. Qd2 Na6 15. h3 Rc4 16. Nf3 Rac8 17. Nd4 b4 18. axb4 Qxb4 19. Ra1 Nc5 20. Rxa7 Ne8 21. Nc6 Bxc6 22. dxc6 e6 23. Bxc5 Qxc5 24. Rfa1 d5 25. Ra8 Qxc6 26. Nxd5 exd5 27. Bxd5 Qd7 28. Bxc4 Qxd2 29. Rxc8 Qxb2 30. Rxe8+ Bf8 31. Rea8 Qc2 32. Rc8 Kg7 33. Ra7 Bd6 34. Rxf7+ Kh6 35. Rxh7+ Kg5 36. h4+ Kf6 37. Rf7+ Ke5 38. Re8+ Kd4 39. Bd3 Qc1+ 40. Kg2 g5 41. hxg5 Qxg5 42. Rf5 Qg7 43. Be4 Qd7 44. Rd5+ Kc4 45. Ra8 Qe7 46. Bf3 Bb4 47. Rc8+ Kb3 48. Rb5 Ka4 49. Rb7 Qf6 50. Rc4 1-0

[Event "4NCL Division Two"]
[Site "Daventry, ENG"]
[Date "2022.10.22"]
[Round "1.14"]
[White "Henderson, David"]
[Black "Duggan, John E"]
[Result "1/2-1/2"]
[WhiteElo "2170"]
[BlackElo "2170"]
[PlyCount "52"]
[EventDate "2022.10.22"]
[WhiteTeam "North East England"]
[BlackTeam "The ADs"]

1. c4 e6 2. g3 Nf6 3. Bg2 d5 4. Nf3 d4 5. d3 c5 6. O-O Nc6 7. e3 Bd6 8. Na3 O-O 9. exd4 cxd4 10. Nc2 e5 11. b4 a6 12. Re1 Re8 13. a4 Bg4 14. h3 Bxf3 15. Bxf3 Nxb4 16. Bxb7 Rb8 17. Bg2 Nxc2 18. Qxc2 Bb4 19. Bd2 Qc7 20. Reb1 Bxd2 21. Qxd2 Nd7 22. Qa2 Nc5 23. Qa3 g6 24. Bd5 Kg7 25. Kg2 Rec8 26. a5 Rd8 1/2-1/2

[Event "4NCL Division Two"]
[Site "Daventry, ENG"]
[Date "2022.10.22"]
[Round "1.15"]
[White "Snape, Ian L"]
[Black "Stubbs, Oliver"]
[Result "0-1"]
[WhiteElo "2164"]
[BlackElo "2154"]
[PlyCount "88"]
[EventDate "2022.10.22"]
[WhiteTeam "The ADs"]
[BlackTeam "North East England"]

1. e4 e6 2. d4 d5 3. Nc3 Nf6 4. e5 Nfd7 5. f4 c5 6. Nf3 Nc6 7. Be3 a6 8. Qd2 Be7 9. dxc5 Nxc5 10. Nd4 Nxd4 11. Qxd4 O-O 12. Be2 b6 13. O-O-O Qc7 14. Qd2 b5 15. Bf3 b4 16. Ne2 b3 17. Kb1 bxa2+ 18. Kxa2 Rb8 19. Bd4 Bd7 20. Nc1 Rb7 21. Rhe1 Rfb8 22. Re3 Na4 23. Nb3 Bb4 24. Qf2 a5 25. f5 Nc5 26. f6 Nxb3 27. cxb3 a4 28. bxa4 Bxa4 29. b3 Qa5 30. Kb1 Ba3 31. Rdd3 Bxb3 32. Rxb3 Rxb3+ 33. Rxb3 Rxb3+ 34. Kc2 Qa4 35. Kd2 Bb4+ 36. Kc1 Qc6+ 37. Qc2 Ba3+ 38. Kd1 Qxc2+ 39. Kxc2 Rb4 40. Kd3 Bb2 41. Bxb2 Rxb2 42. h3 gxf6 43. exf6 Rb4 44. Ke3 Rh4 0-1

[Event "4NCL Division Two"]
[Site "Daventry, ENG"]
[Date "2022.10.22"]
[Round "1.16"]
[White "Dargan, Paul A G"]
[Black "Bellin, Jana M"]
[Result "1-0"]
[WhiteElo "2143"]
[BlackElo "1985"]
[PlyCount "50"]
[EventDate "2022.10.22"]
[WhiteTeam "North East England"]
[BlackTeam "The ADs"]

1. e4 c5 2. c3 d5 3. exd5 Qxd5 4. d4 Nf6 5. Nf3 e6 6. a3 Nc6 7. Be3 cxd4 8.
cxd4 a6 9. Nc3 Qd6 10. Bd3 Be7 11. O-O O-O 12. Qe2 b5 13. Rad1 Bb7 14. Bb1 b4
15. Ne4 Nxe4 16. Bxe4 f5 17. Bb1 bxa3 18. bxa3 Bf6 19. d5 Ne7 20. dxe6 Qxa3 21.
Nd4 g6 22. Rd3 Qa5 23. Nb3 Qb5 24. Nc5 Rfd8 25. Rxd8+ Rxd8 1-0

[Event "4NCL Division Two"]
[Site "Daventry, ENG"]
[Date "2022.10.22"]
[Round "1.17"]
[White "Walsh, Marcus"]
[Black "Gazis, Georgios"]
[Result "1/2-1/2"]
[WhiteElo "1980"]
[BlackElo "1932"]
[PlyCount "81"]
[EventDate "2022.10.22"]
[WhiteTeam "The ADs"]
[BlackTeam "North East England"]

1. e4 c5 2. d4 cxd4 3. c3 Nf6 4. e5 Nd5 5. Nf3 Nc6 6. cxd4 d6 7. Bc4 dxe5 8. dxe5 Ndb4 9. Qb3 e6 10. O-O Bd7 11. Bg5 Na5 12. Bxd8 Nxb3 13. Bxb3 Rxd8 14. Rd1 Bc5 15. Nc3 Bc6 16. Rxd8+ Kxd8 17. Rd1+ Ke7 18. a3 Na6 19. Ng5 h6 20. Nge4 Bb6 21. Nd6 Bc7 22. f4 f6 23. Ncb5 Bb6+ 24. Kh1 fxe5 25. fxe5 Rf8 26. Bc4 Rf2 27. Nc8+ Kf8 28. Nxb6 axb6 29. Nd4 Bxg2+ 30. Kg1 Rxb2 31. Nxe6+ Ke7 32. Nf4 Be4 33. Rd4 Nc5 34. h4 g5 35. hxg5 hxg5 36. Nh5 Bf3 37. Ng7 g4 38. Nf5+ Ke8 39. Ng7+ Ke7 40. Nf5+ Ke8 41. Ng7+ 1/2-1/2

[Event "4NCL Division Two"]
[Site "Daventry, ENG"]
[Date "2022.10.22"]
[Round "1.18"]
[White "Salazar Eyre, Emma"]
[Black "Gamal, Alaa"]
[Result "0-1"]
[WhiteElo "1540"]
[BlackElo "1886"]
[PlyCount "76"]
[EventDate "2022.10.22"]
[WhiteTeam "North East England"]
[BlackTeam "The ADs"]

1. e4 d5 2. exd5 Qxd5 3. Nc3 Qd6 4. Nf3 Nf6 5. d4 g6 6. Be2 Bg7 7. O-O O-O 8. h3 a6 9. Be3 b5 10. Qd2 Nc6 11. Ne5 b4 12. Nd1 Ne4 13. Qd3 Bf5 14. Nxc6 Ng3 15. Qc4 Nxe2+ 16. Kh1 Bd7 17. Nxb4 Bb5 18. Qd5 Ng3+ 19. fxg3 Bxf1 20. Qxd6 exd6 21. Nc3 Bc4 22. Rd1 Rab8 23. a3 a5 24. Nc6 Rxb2 25. Nxa5 Rxc2 26. Bd2 Bxd4 27. Nxc4 Bxc3 28. Bh6 Bg7 29. Ne3 Ra2 30. Bxg7 Kxg7 31. Nc4 Re8 32. Kh2 Ree2 33. Rg1 g5 34. g4 d5 35. Na5 c5 36. Nb3 Rec2 37. Nc1 Ra1 38. Nb3 Rxa3 0-1

[Event "4NCL Division Two"]
[Site "Daventry, ENG"]
[Date "2022.10.22"]
[Round "1.21"]
[White "Cherniaev, Alexander"]
[Black "Claridge-Hansen, William"]
[Result "1-0"]
[WhiteElo "2366"]
[BlackElo "2331"]
[PlyCount "89"]
[EventDate "2022.10.22"]
[WhiteTeam "Barnet Knights A"]
[BlackTeam "Oxford 1"]

1. e4 c5 2. Nf3 g6 3. d4 cxd4 4. Qxd4 Nf6 5. Nc3 Nc6 6. Qa4 d6 7. e5 dxe5 8. Nxe5 Bd7 9. Nxd7 Nxd7 10. Bb5 Bg7 11. O-O O-O 12. Rd1 Bxc3 13. bxc3 Qc8 14. h3 Nb6 15. Qh4 Qf5 16. Bd3 Qf6 17. Qxf6 exf6 18. Rb1 Rfc8 19. Re1 Ne5 20. Be4 Rxc3 21. Bxb7 Re8 22. Bh6 Rc7 23. Ba6 Rd8 24. f4 Nc6 25. Rbd1 Rxd1 26. Rxd1 Rd7 27. Rxd7 Nxd7 28. Bb5 Ndb8 29. f5 Nd4 30. Bd3 Nbc6 31. c3 Nxf5 32. Bxf5 gxf5 33. Kf2 f4 34. Kf3 f5 35. Kxf4 f6 36. Kxf5 Kf7 37. Be3 a6 38. Bc5 Ne5 39. Bd4 Nc4 40. Bxf6 Ne3+ 41. Ke4 Nxg2 42. Bg5 Ke6 43. Kf3 Ne1+ 44. Ke2 Nc2 45. Bc1 1-0

[Event "4NCL Division Two"]
[Site "Daventry, ENG"]
[Date "2022.10.22"]
[Round "1.22"]
[White "Gerlagh, Joris"]
[Black "Rocco, Federico"]
[Result "1/2-1/2"]
[WhiteElo "2290"]
[BlackElo "2198"]
[PlyCount "83"]
[EventDate "2022.10.22"]
[WhiteTeam "Oxford 1"]
[BlackTeam "Barnet Knights A"]

1. e4 c5 2. Nc3 Nc6 3. g3 g6 4. Bg2 Bg7 5. d3 e6 6. Be3 d6 7. Qd2 h6 8. Nf3 e5 9. Nd5 Nf6 10. Nxf6+ Qxf6 11. c3 Bg4 12. Ng1 O-O-O 13. c4 Qe7 14. Ne2 h5 15. Nc3 h4 16. Nd5 Qf8 17. f3 Be6 18. O-O-O Bh6 19. f4 Qg7 20. Rhf1 exf4 21. Nxf4 Nd4 22. Kb1 h3 23. Bh1 Qe5 24. Qa5 Nc6 25. Qc3 Bg7 26. Qxe5 Nxe5 27. Nxe6 fxe6 28. Bf3 Rdf8 29. Be2 Nc6 30. Bg4 Kd7 31. Be2 Bd4 32. Bg5 a6 33. Bg4 b5 34. cxb5 axb5 35. Rf4 Ne5 36. Be2 Rxf4 37. Bxf4 Nc6 38. Rf1 Rg8 39. Bg5 Ne5 40. Bf6 Nc6 41. Bg5 Ne5 42. Bf6 1/2-1/2

[Event "4NCL Division Two"]
[Site "Daventry, ENG"]
[Date "2022.10.22"]
[Round "1.23"]
[White "Thatte, Nishchal"]
[Black "Zakarian, David"]
[Result "1/2-1/2"]
[WhiteElo "2105"]
[BlackElo "2301"]
[PlyCount "75"]
[EventDate "2022.10.22"]
[WhiteTeam "Barnet Knights A"]
[BlackTeam "Oxford 1"]

1. d4 Nf6 2. g3 d5 3. Bg2 c6 4. Nf3 g6 5. O-O Bg7 6. b3 O-O 7. c4 Ne4 8. Bb2 Nd7 9. Nc3 Ndf6 10. Ne5 Be6 11. Nxe4 Nxe4 12. Qc2 Nd6 13. Rad1 Rc8 14. cxd5 cxd5 15. Qd2 Ne4 16. Qb4 Rc2 17. Nd3 Qc7 18. Rc1 a5 19. Qa3 Bh6 20. e3 b6 21. b4 axb4 22. Nxb4 Rc4 23. Rfd1 Rc8 24. Bxe4 dxe4 25. d5 Bg4 26. Nc6 Rxc1 27. Rxc1 Bf8 28. Ne5 Qd8 29. Nxg4 Rxc1+ 30. Bxc1 h5 31. Ne5 Qxd5 32. Qc3 Bg7 33. Bb2 Bxe5 34. Qxe5 Qd1+ 35. Kg2 Qf3+ 36. Kf1 Qd1+ 37. Kg2 Qf3+ 38. Kf1 1/2-1/2

[Event "4NCL Division Two"]
[Site "Daventry, ENG"]
[Date "2022.10.22"]
[Round "1.24"]
[White "Hansen, Hans-Peter"]
[Black "Pollack, Oscar"]
[Result "1-0"]
[WhiteElo "2153"]
[BlackElo "2111"]
[PlyCount "71"]
[EventDate "2022.10.22"]
[WhiteTeam "Oxford 1"]
[BlackTeam "Barnet Knights A"]

1. Nf3 Nf6 2. d4 c5 3. d5 e6 4. Nc3 d6 5. e4 exd5 6. Nxd5 Nxd5 7. Qxd5 Be7 8.
Ng5 O-O 9. Bc4 Bxg5 10. Bxg5 Qb6 11. O-O-O Be6 12. Qd3 Nc6 13. Bxe6 fxe6 14. f3
Nb4 15. Qb3 c4 16. Qxc4 d5 17. Qb3 Rac8 18. Be7 Nxa2+ 19. Kb1 Rf7 20. Qxb6 axb6
21. Ba3 dxe4 22. Kxa2 exf3 23. gxf3 h6 24. Rd2 Rxf3 25. Re1 Rc6 26. Ree2 Rf7
27. Kb3 Kh7 28. Rd6 Rf6 29. Rd7 e5 30. Re7 Rce6 31. Rxe6 Rxe6 32. Kc4 Re8 33.
Kd5 Rd8+ 34. Bd6 Kg6 35. Rxe5 Kf6 36. Re7 1-0

[Event "4NCL Division Two"]
[Site "Daventry, ENG"]
[Date "2022.10.22"]
[Round "1.25"]
[White "Willmoth, Robert F"]
[Black "Hobson, Kenneth"]
[Result "1-0"]
[WhiteElo "2133"]
[BlackElo "2184"]
[PlyCount "85"]
[EventDate "2022.10.22"]
[WhiteTeam "Barnet Knights A"]
[BlackTeam "Oxford 1"]

1. d4 Nf6 2. Nf3 e6 3. Bg5 b6 4. Nbd2 Bb7 5. e4 Be7 6. Bd3 c5 7. e5 Nd5 8. Ne4 f6 9. exf6 Nxf6 10. Bxf6 gxf6 11. c3 Bxe4 12. Bxe4 d5 13. Bc2 Qd6 14. Qe2 Nc6 15. Ba4 a6 16. O-O c4 17. Bxc6+ Qxc6 18. Rae1 Kd7 19. Nh4 Rae8 20. f4 Bd6 21. Qh5 Qc7 22. g3 Kc8 23. Rf3 Rhg8 24. Kh1 Re7 25. Rfe3 Rge8 26. Nf3 Qd7 27. Qh6 Rf7 28. b3 b5 29. f5 Rfe7 30. Qxf6 exf5 31. Rxe7 Rxe7 32. Rxe7 Bxe7 33. Qxa6+ Qb7 34. Qe6+ Qd7 35. Qg8+ Bd8 36. Ne5 Qb7 37. Qe6+ Kb8 38. Nc6+ Kc7 39. Nxd8 Kxd8 40. Qg8+ Kc7 41. Qxh7+ Kb6 42. Qxb7+ Kxb7 43. b4 1-0

[Event "4NCL Division Two"]
[Site "Daventry, ENG"]
[Date "2022.10.22"]
[Round "1.26"]
[White "Arora, Tashika"]
[Black "Eden, Tomer"]
[Result "0-1"]
[WhiteElo "2056"]
[BlackElo "2136"]
[PlyCount "98"]
[EventDate "2022.10.22"]
[WhiteTeam "Oxford 1"]
[BlackTeam "Barnet Knights A"]

1. d4 Nf6 2. c4 c5 3. d5 b5 4. Qc2 b4 5. e4 d6 6. f4 g6 7. Nf3 Bg7 8. Be2 O-O 9. O-O Qc7 10. Re1 a5 11. Nbd2 a4 12. Rb1 Nbd7 13. a3 b3 14. Qd3 Ba6 15. Nf1 Nb6 16. Ne3 e6 17. Bd2 exd5 18. exd5 Nh5 19. g3 Rae8 20. Bc3 Nf6 21. Nd2 Bc8 22. Bf3 Re7 23. f5 Nfd7 24. Bxg7 Kxg7 25. Ne4 f6 26. fxg6 hxg6 27. Ng4 Ne5 28. Nxe5 Rxe5 29. Qc3 Rfe8 30. Rbc1 Qe7 31. Rf1 Bh3 32. Rf2 Bf5 33. Nd2 Re1+ 34. Rxe1 Qxe1+ 35. Kg2 Bh3+ 36. Kxh3 Qxf2 37. Ne4 Qf1+ 38. Kg4 Rxe4+ 39. Bxe4 Qxc4 40. Qxc4 Nxc4 41. Kf4 Nxb2 42. Ke3 Nc4+ 43. Kd3 f5 44. Bh1 Nxa3 45. Kc3 Nc4 46. Bf3 b2 47. Kc2 Nd2 48. Kxd2 b1=Q 49. Be2 a3 0-1

[Event "4NCL Division Two"]
[Site "Daventry, ENG"]
[Date "2022.10.22"]
[Round "1.27"]
[White "Ethelontis, Alexandros N"]
[Black "Zakarian, Dimitrios Levon"]
[Result "1-0"]
[WhiteElo "2040"]
[BlackElo "2029"]
[PlyCount "45"]
[EventDate "2022.10.22"]
[WhiteTeam "Barnet Knights A"]
[BlackTeam "Oxford 1"]

1. c4 Nf6 2. g3 e6 3. Bg2 d5 4. Nf3 Be7 5. O-O O-O 6. b3 d4 7. e3 c5 8. exd4 cxd4 9. Re1 Nc6 10. Ba3 Re8 11. d3 Bxa3 12. Nxa3 e5 13. Nc2 Bf5 14. b4 Qd6 15. b5 Nd8 16. Qe2 Ne6 17. Qxe5 Qxe5 18. Nxe5 Rab8 19. Nb4 Nc5 20. h3 h5 21. Rad1 Re7 22. Nf3 Rd7 23. Re5 1-0

[Event "4NCL Division Two"]
[Site "Daventry, ENG"]
[Date "2022.10.22"]
[Round "1.28"]
[White "Pozimski, Szymon"]
[Black "Vyas, Alisha"]
[Result "1-0"]
[WhiteElo "1972"]
[BlackElo "1900"]
[PlyCount "75"]
[EventDate "2022.10.22"]
[WhiteTeam "Oxford 1"]
[BlackTeam "Barnet Knights A"]

1. c4 Nf6 2. Nf3 g6 3. Nc3 Bg7 4. e4 d6 5. d4 O-O 6. Be2 Nc6 7. d5 Nb8 8. O-O Nbd7 9. Qc2 Nc5 10. h3 Ne8 11. Bf4 e5 12. dxe6 Nxe6 13. Bg3 b6 14. Rad1 Bb7 15. e5 Qd7 16. exd6 Nxd6 17. Nb5 Rfd8 18. Nxd6 cxd6 19. Rxd6 Qe7 20. Rfd1 Rac8 21. Rxd8+ Rxd8 22. Rxd8+ Qxd8 23. b3 h6 24. Qd2 Nd4 25. Nxd4 Bxd4 26. Qxh6 Qe7 27. Qd2 Bf6 28. Qd1 Kg7 29. Bf3 Bc8 30. Qe2 Qc5 31. Bd5 Be7 32. Qe5+ f6 33. Qb8 a5 34. Bc7 Bf5 35. Bxb6 Qb4 36. Qg8+ Kh6 37. Qh8+ Kg5 38. Be3# 1-0

[Event "4NCL Division Two"]
[Site "Daventry, ENG"]
[Date "2022.10.22"]
[Round "1.31"]
[White "Merry, Alan B"]
[Black "Macklin, Paul"]
[Result "1-0"]
[WhiteElo "2431"]
[BlackElo "2359"]
[PlyCount "83"]
[EventDate "2022.10.22"]
[WhiteTeam "Barbican 4NCL"]
[BlackTeam "Spirit of Atticus"]

1. d4 Nf6 2. c4 g6 3. g3 Bg7 4. Bg2 O-O 5. Nc3 d6 6. Nf3 Nc6 7. d5 Na5 8. b3 c5 9. Bb2 a6 10. O-O Rb8 11. a4 Bd7 12. Nd2 b5 13. axb5 axb5 14. cxb5 Bxb5 15. Ra3 c4 16. b4 Nb3 17. Nxb3 cxb3 18. Nxb5 Rxb5 19. Qxb3 Qb6 20. Ra4 Rb8 21. Rc1 Ng4 22. e3 Bxb2 23. Qxb2 Ne5 24. Qb3 h5 25. Rb1 Qc7 26. h3 Rc5 27. Qd1 Rc3 28. Bf1 Rc2 29. Kg2 Rc8 30. b5 Qd7 31. Rab4 Ra2 32. b6 Qb7 33. R1b2 Rxb2 34. Rxb2 Rc5 35. e4 h4 36. gxh4 Rc3 37. Be2 Qc8 38. Bg4 Qb7 39. Qa4 Kg7 40. f4 Nc4 41. Rb1 Kh7 42. Qa7 1-0

[Event "4NCL Division Two"]
[Site "Daventry, ENG"]
[Date "2022.10.22"]
[Round "1.32"]
[White "Mitchell, Martin"]
[Black "Cox, John J"]
[Result "1-0"]
[WhiteElo "2197"]
[BlackElo "2307"]
[PlyCount "93"]
[EventDate "2022.10.22"]
[WhiteTeam "Spirit of Atticus"]
[BlackTeam "Barbican 4NCL"]

1. d4 e6 2. c4 Bb4+ 3. Nd2 b6 4. a3 Bxd2+ 5. Qxd2 Nf6 6. e3 O-O 7. Nf3 Bb7 8. Be2 d5 9. O-O c5 10. dxc5 bxc5 11. b4 Nbd7 12. cxd5 Bxd5 13. Bb2 Qe7 14. Rfd1 Rab8 15. Ne5 Rfd8 16. Nxd7 Rxd7 17. Bxf6 Qxf6 18. bxc5 Rb2 19. Qd3 h6 20. e4 Bc6 21. Qe3 Rbd2 22. Rab1 Qd4 23. Qxd4 R7xd4 24. f3 e5 25. Rxd2 Rxd2 26. Rb8+ Kh7 27. Bc4 Rc2 28. Bxf7 Rxc5 29. Rc8 Rc1+ 30. Kf2 Rc2+ 31. Kg3 Bxe4 32. Re8 Bd3 33. Bg8+ Kg6 34. Rxe5 Bf1 35. Re6+ Kf5 36. Bh7+ Kxe6 37. Bxc2 a5 38. Kf2 Bb5 39. Ke3 Ke5 40. Bb3 g5 41. g3 Bd7 42. Bc2 Be8 43. f4+ gxf4+ 44. gxf4+ Kd5 45. Bb3+ Kd6 46. Kd4 Bd7 47. Bc2 1-0

[Event "4NCL Division Two"]
[Site "Daventry, ENG"]
[Date "2022.10.22"]
[Round "1.33"]
[White "Taylor, Martin R"]
[Black "Crocker, Philip J"]
[Result "1-0"]
[WhiteElo "2342"]
[BlackElo "2233"]
[PlyCount "85"]
[EventDate "2022.10.22"]
[WhiteTeam "Barbican 4NCL"]
[BlackTeam "Spirit of Atticus"]

1. d4 d5 2. c4 c6 3. cxd5 cxd5 4. Nc3 Nf6 5. Bf4 Nc6 6. e3 a6 7. Bd3 Bg4 8. Nge2 e6 9. O-O Bd6 10. f3 Bh5 11. Rc1 O-O 12. Na4 Bg6 13. Nc5 Bxd3 14. Qxd3 Bxf4 15. Nxf4 Qe7 16. Qb3 Na5 17. Qc3 Nc4 18. b3 Nd6 19. Qb4 b5 20. Nb7 Qxb7 21. Qxd6 Rac8 22. Nd3 Rfd8 23. Rxc8 Qxc8 24. Qb6 Nd7 25. Qa5 Qa8 26. Rc1 Rc8 27. Rc7 Rxc7 28. Qxc7 Nf8 29. b4 f6 30. Qb6 Qc8 31. Nc5 e5 32. Qd6 exd4 33. Qxd5+ Kh8 34. exd4 h6 35. Qf7 Nh7 36. Ne6 Qc1+ 37. Kf2 Qd2+ 38. Kg3 Qe1+ 39. Kg4 f5+ 40. Kh5 g6+ 41. Kxg6 Qxe6+ 42. Qxe6 Nf8+ 43. Kxf5 1-0

[Event "4NCL Division Two"]
[Site "Daventry, ENG"]
[Date "2022.10.22"]
[Round "1.34"]
[White "Ackley, Peter J E"]
[Black "Franklin, Samuel G A"]
[Result "1/2-1/2"]
[WhiteElo "2088"]
[BlackElo "2310"]
[PlyCount "132"]
[EventDate "2022.10.22"]
[WhiteTeam "Spirit of Atticus"]
[BlackTeam "Barbican 4NCL"]

1. d3 g6 2. f4 Bg7 3. Nf3 c5 4. g3 Nc6 5. Bg2 d6 6. O-O Nf6 7. a4 O-O 8. Na3 Rb8 9. c3 a6 10. e4 b5 11. axb5 axb5 12. h3 b4 13. Nc2 bxc3 14. bxc3 c4 15. Nfd4 Nxd4 16. cxd4 Bb7 17. Be3 Qc7 18. Ra7 cxd3 19. Qxd3 Bxe4 20. Rxc7 Bxd3 21. Rd1 Bxc2 22. Rxc2 Rfc8 23. Rxc8+ Rxc8 24. d5 Rc3 25. Kf2 Rc2+ 26. Rd2 Rxd2+ 27. Bxd2 Kf8 28. g4 Nd7 29. Be3 Bc3 30. Be4 Bb4 31. Ke2 Bc5 32. Bd2 Bd4 33. Bb4 Bb2 34. Bc2 Nf6 35. Bb3 h5 36. Kf3 hxg4+ 37. hxg4 Bd4 38. Ba5 Nd7 39. Bb4 Bb2 40. Ke4 Bc1 41. g5 f6 42. f5 gxf5+ 43. Kxf5 fxg5 44. Bc3 Bf4 45. Bd4 Be5 46. Bxe5 Nxe5 47. Kxg5 Nf3+ 48. Kg6 Nd4 49. Bc4 Nc2 50. Bd3 Ne1 51. Be4 Kg8 52. Kg5 Kg7 53. Kf5 Kf7 54. Kg5 Kg7 55. Kf5 Kf7 56. Kg5 e6 57. dxe6+ Kxe6 58. Kf4 Kf6 59. Ke3 Ke5 60. Bb7 Nc2+ 61. Kd3 Nb4+ 62. Ke3 Nd5+ 63. Kd3 Nf4+ 64. Ke3 Ne6 65. Bc6 d5 66. Bxd5 Kxd5 1/2-1/2

[Event "4NCL Division Two"]
[Site "Daventry, ENG"]
[Date "2022.10.22"]
[Round "1.35"]
[White "Sowray, Peter J"]
[Black "Carleton, John J"]
[Result "1-0"]
[WhiteElo "2259"]
[BlackElo "2159"]
[PlyCount "69"]
[EventDate "2022.10.22"]
[WhiteTeam "Barbican 4NCL"]
[BlackTeam "Spirit of Atticus"]

1. c4 e6 2. d4 d5 3. Nc3 Bb4 4. a3 Bxc3+ 5. bxc3 Nc6 6. e3 Nf6 7. Bd3 e5 8. cxd5 Qxd5 9. f3 e4 10. fxe4 Nxe4 11. Ne2 f5 12. O-O Bd7 13. Rb1 b6 14. a4 Na5 15. Qc2 O-O 16. c4 Qd6 17. Bxe4 fxe4 18. Bb2 Rxf1+ 19. Rxf1 Rf8 20. Rxf8+ Qxf8 21. Qc3 Bxa4 22. d5 Bb3 23. Nf4 Bxc4 24. Qe5 Bd3 25. Qxc7 Nc4 26. Nxd3 Nxe3 27. Nf4 Nf5 28. Be5 Qc5+ 29. Qxc5 bxc5 30. Kf2 Kf7 31. Ne2 Ne7 32. Nc3 a5 33. Ke3 a4 34. Kxe4 a3 35. Bd6 1-0

[Event "4NCL Division Two"]
[Site "Daventry, ENG"]
[Date "2022.10.22"]
[Round "1.36"]
[White "Savidge, Daniel"]
[Black "Navarro Cia, Miguel"]
[Result "1/2-1/2"]
[WhiteElo "2138"]
[BlackElo "2250"]
[PlyCount "80"]
[EventDate "2022.10.22"]
[WhiteTeam "Spirit of Atticus"]
[BlackTeam "Barbican 4NCL"]

1. b3 Nf6 2. Bb2 g6 3. Bxf6 exf6 4. c4 f5 5. Nc3 h5 6. h4 f4 7. Qc2 Bh6 8. Qe4+ Kf8 9. g3 fxg3 10. fxg3 d6 11. Nf3 Nc6 12. Nd4 Ne5 13. Bg2 Kg7 14. Nf3 Ng4 15. O-O Re8 16. Qd4+ Kg8 17. Rae1 Bg7 18. Qd3 c6 19. Ng5 f5 20. Kh1 Ne5 21. Qc2 Bf6 22. Nh3 Kg7 23. e4 Bxh4 24. gxh4 Qxh4 25. Re3 Ng4 26. Ref3 Re7 27. d3 f4 28. Ne2 Ne3 29. Qc3+ Re5 30. Rxf4 Bg4 31. d4 Nxg2 32. dxe5 Nxf4 33. exd6+ Kg8 34. Nexf4 Rf8 35. Kh2 Bxh3 36. Qxh3 Rxf4 37. Qxh4 Rxh4+ 38. Kg3 Rxe4 39. Rd1 Re8 40. Kf4 Kf7 1/2-1/2

[Event "4NCL Division Two"]
[Site "Daventry, ENG"]
[Date "2022.10.22"]
[Round "1.37"]
[White "Pert, Nina"]
[Black "Doran, Chris"]
[Result "0-1"]
[WhiteElo "1990"]
[BlackElo "2008"]
[PlyCount "64"]
[EventDate "2022.10.22"]
[WhiteTeam "Barbican 4NCL"]
[BlackTeam "Spirit of Atticus"]

1. e4 c5 2. Nc3 Nc6 3. Nf3 g6 4. d4 cxd4 5. Nxd4 Bg7 6. Be3 d6 7. Qd2 Nf6 8. f3 O-O 9. O-O-O Bd7 10. h4 Rc8 11. Kb1 Ne5 12. h5 Nxh5 13. Bh6 Bxh6 14. Qxh6 Rxc3 15. bxc3 Qa5 16. g4 Nf6 17. Be2 Qxc3 18. Rh3 Nc4 19. Bxc4 Qxc4 20. Nf5 Bxf5 21. gxf5 Rc8 22. Qd2 Rc6 23. fxg6 fxg6 24. Qd3 Rb6+ 25. Ka1 Qc5 26. f4 Kg7 27. c3 Qf2 28. Qd2 Nxe4 29. Qc1 Nc5 30. c4 Ne4 31. f5 g5 32. Rdh1 Qd4+ 0-1

[Event "4NCL Division Two"]
[Site "Daventry, ENG"]
[Date "2022.10.22"]
[Round "1.38"]
[White "Wilson, Julie"]
[Black "Pert, Max"]
[Result "0-1"]
[WhiteElo "1792"]
[BlackElo "1989"]
[PlyCount "62"]
[EventDate "2022.10.22"]
[WhiteTeam "Spirit of Atticus"]
[BlackTeam "Barbican 4NCL"]

1. d4 d5 2. c4 e6 3. Nf3 Nf6 4. Bg5 a6 5. e3 dxc4 6. Bxc4 c5 7. O-O b5 8. Be2 cxd4 9. Nxd4 Bb7 10. Bf3 Bxf3 11. Qxf3 Qd5 12. Nc3 Qxf3 13. Nxf3 Nbd7 14. Rfd1 Nb6 15. Rac1 Be7 16. Ne5 h6 17. Bh4 Rc8 18. h3 O-O 19. Bg3 Nc4 20. Nd3 Rfd8 21. Kf1 Nb6 22. a3 Na4 23. Nxa4 Rxc1 24. Rxc1 Rxd3 25. Nc5 Bxc5 26. Rxc5 Ne4 27. Rc8+ Kh7 28. Be5 Rd1+ 29. Ke2 Rd2+ 30. Kf3 f5 31. h4 Rxf2# 0-1

[Event "4NCL Division Two"]
[Site "Daventry, ENG"]
[Date "2022.10.22"]
[Round "1.41"]
[White "Olson, Hamish"]
[Black "Chan, Kim Yew"]
[Result "1/2-1/2"]
[WhiteElo "2302"]
[BlackElo "2273"]
[PlyCount "69"]
[EventDate "2022.10.22"]
[WhiteTeam "Alba"]
[BlackTeam "SchachAttack"]

1. d4 Nf6 2. c4 e6 3. g3 d5 4. Bg2 Bb4+ 5. Bd2 Be7 6. Nf3 O-O 7. O-O c6 8. Bc3 dxc4 9. a4 c5 10. Nbd2 Nd5 11. Nxc4 b6 12. e4 Nxc3 13. bxc3 Ba6 14. Qb3 Nc6 15. d5 exd5 16. exd5 Bxc4 17. Qxc4 Na5 18. Qd3 c4 19. Qc2 Bf6 20. Rad1 Nb3 21. d6 Qd7 22. Nd2 Nxd2 23. Rxd2 Rad8 24. h4 a6 25. Kh2 b5 26. Bh3 Qc6 27. axb5 axb5 28. d7 Qc5 29. Bg2 Qc7 30. Bh3 Qa5 31. Rc1 b4 32. cxb4 Qxb4 33. Rd5 c3 34. Qf5 Qe7 35. Qd3 1/2-1/2

[Event "4NCL Division Two"]
[Site "Daventry, ENG"]
[Date "2022.10.22"]
[Round "1.42"]
[White "Wilks, Simon"]
[Black "Berry, Neil"]
[Result "0-1"]
[WhiteElo "2203"]
[BlackElo "2240"]
[PlyCount "94"]
[EventDate "2022.10.22"]
[WhiteTeam "SchachAttack"]
[BlackTeam "Alba"]

1. e4 e5 2. Nf3 Nc6 3. Bb5 a6 4. Ba4 Nf6 5. O-O Nxe4 6. d4 b5 7. Bb3 d5 8. dxe5 Be6 9. Qe2 Be7 10. Rd1 O-O 11. Be3 Na5 12. c3 Nxb3 13. axb3 c5 14. c4 Qd7 15. Nc3 Nxc3 16. bxc3 Qc6 17. cxb5 axb5 18. h3 h6 19. Qb2 Bf5 20. b4 Be4 21. Nd2 Bxg2 22. Kxg2 d4+ 23. Kh2 dxe3 24. fxe3 Qd5 25. c4 bxc4 26. b5 Qd3 27. Nf1 Qb3 28. Qg2 Rxa1 29. Rxa1 Qc3 30. Rb1 Qxe5+ 31. Kh1 Bd6 32. b6 c3 33. b7 Rb8 34. Qc2 Rxb7 35. Rxb7 Qd5+ 36. Kg1 Qxb7 37. Qxc3 Qe4 38. Qd2 Qe5 39. Qd3 g6 40. Kg2 h5 41. Kf3 Qe6 42. Ke2 c4 43. Qd4 Be5 44. Qc5 c3 45. e4 Qa2+ 46. Kf3 Qb1 47. Ne3 Qh1+ 0-1

[Event "4NCL Division Two"]
[Site "Daventry, ENG"]
[Date "2022.10.22"]
[Round "1.43"]
[White "McKay, Roderick M"]
[Black "Waller, Dan"]
[Result "1/2-1/2"]
[WhiteElo "2201"]
[BlackElo "2145"]
[PlyCount "83"]
[EventDate "2022.10.22"]
[WhiteTeam "Alba"]
[BlackTeam "SchachAttack"]

1. d3 g6 2. f4 Bg7 3. Nf3 d5 4. c3 Nf6 5. Qc2 Nbd7 6. e4 dxe4 7. dxe4 Nc5 8. e5 Bf5 9. Qf2 Nce4 10. Qd4 Ng4 11. Be2 h5 12. Nbd2 O-O 13. Nxe4 Qxd4 14. Nxd4 Bxe4 15. Bf3 Bxf3 16. gxf3 Nh6 17. Be3 c5 18. Ne2 b6 19. Rd1 Rfd8 20. Kf2 Nf5 21. Ng3 e6 22. Ne4 Kf8 23. Ke2 Ke7 24. Rhg1 Rxd1 25. Rxd1 Rd8 26. Rg1 Rd7 27. a4 Kd8 28. a5 Kc7 29. axb6+ axb6 30. b3 Kc6 31. Ra1 Bf8 32. Nf6 Rd8 33. c4 Be7 34. Ne4 Kb7 35. Ng3 Ng7 36. Ne4 Ne8 37. Bf2 Nc7 38. Nc3 Kc6 39. Ra7 Rb8 40. Nb5 Rb7 41. Rxb7 Kxb7 42. Nxc7 1/2-1/2

[Event "4NCL Division Two"]
[Site "Daventry, ENG"]
[Date "2022.10.22"]
[Round "1.44"]
[White "Zhang, Anthony Y"]
[Black "Shafi, Declan"]
[Result "1/2-1/2"]
[WhiteElo "2169"]
[BlackElo "2213"]
[PlyCount "56"]
[EventDate "2022.10.22"]
[WhiteTeam "SchachAttack"]
[BlackTeam "Alba"]

1. Nf3 Nf6 2. c4 g6 3. Nc3 Bg7 4. e4 e5 5. g3 O-O 6. Bg2 c6 7. d4 d5 8. cxd5 cxd5 9. Nxe5 Nxe4 10. O-O Nxc3 11. bxc3 Be6 12. Rb1 Nc6 13. Nxc6 bxc6 14. Ba3 Re8 15. Qa4 Bf5 16. Rbd1 Qd7 17. c4 Rad8 18. Bc5 h5 19. cxd5 cxd5 20. Qxa7 Qxa7 21. Bxa7 Re2 22. a4 Bc2 23. Ra1 Ra8 24. Bc5 Rxa4 25. Bxd5 Rd2 26. Rxa4 Bxa4 27. h4 Bxd4 28. Bxd4 Rxd4 1/2-1/2